000 00917nam a22002537a 4500
003 DO-SdBNP
005 20230316134336.0
007 ta
008 110301s2022 sp c 000 0 spa d
040 _aDO-SdBNP
_bspa
_cBNPHU
082 4 _a926.1
_bS487g
_222
100 1 _aSerrano Sanmiguel, Gabriel
_953018
_d1949-
245 1 3 _aLa historia de mi vida /
_cGabriel Serrano Sanmiguel ; prólogo Eduardo Alcalde, Ismael Quintanilla
260 _aValencia, España :
_b[s.n.],
_c2022.
300 _a330 p. :
_c23 cm.
500 _aIncluye datos biográficos del autor en la solapa de la cubierta
590 _aInventariado, 2022/ YL
600 1 4 _aSerrano Sanmiguel, Gariel,
_d19429
_983185
650 4 _aMédicos
_zColombia
_vBiografías
_983186
700 1 2 _aAlcalde, Eduardo
_eprol.
_982488
700 1 2 _aQuintanilla, Ismael
_eprol.
_982489
910 _aYLockward/Validado. Control de calidad MFF
942 _2ddc
_cLBS1
999 _c52519
_d52519